000 01262nam a2200373 c 4500
001 24057
003 ES-MaCES
005 20141221122902.0
008 111026s2011 sp d 000 | spa d
017 _aAS 9-2011
_bDL
020 _a9788497045520
035 _aCES20110008367m
040 _aES-MaCES
_bspa
_cES-MaCES
100 1 _aCordón García, José Antonio
_99974
245 1 0 _aGutenberg 2.0.
_b: la revolución de los libros electrónicos
_cJosé Antonio Cordón García, Raquel Gómez Díaz, Julio Alonso Arevalo
260 _aGijón
_bTrea
_c[2011]
300 _a287 p.
_c22 cm
490 1 _aBiblioteconomía y administración cultural
_v229
504 _aBibliografía: p. 271-287
541 _cCompra
650 4 _alibro
_927873
650 4 _aedición
_929007
650 4 _aedición electrónica
_930429
650 4 _acambio tecnológico
_928236
650 4 _atecnología de la información
_930104
650 4 _aautomatización de bibliotecas
_929443
650 4 _aInternet
_930572
650 4 _acomercio electrónico
_931575
653 1 0 _aBiblioteconomía
830 0 _aBiblioteconomía y administración cultural
_v229
_932531
902 _aLIB Libro
942 _2CES
_cBK
_h9.0.
999 _c24057
_d24057